000 00660nam a2200253Ia 4500
001 6241
005 20240113233909.0
007 ta
008 050625s1990 a g b000 u hin u
040 _aCotton College Assam
041 _ahin
082 _a891.433
_bRa 183 Mo
100 _aRastogi, Vimal .
245 0 _aMani ki Parakh /
_cVimal Rastogi.
_hTextual Documents
250 _a1st ed. /
260 _aNew Delhi :
_bKitab Ghar ,
_c1990.
300 _a80p. :
_bill. ;
_c21cm .
653 _aHindi short stories
653 _aShort Stories-Hindi
653 _aGen-Hindi
942 _2ddc
_cBK
999 _c6228
_d6228